| 000 | 00757nam a2200253 i 4500 | ||
|---|---|---|---|
| 001 | bimo0000324897 | ||
| 003 | CO-ViMGA | ||
| 005 | 20230915233139.0 | ||
| 008 | 920821s1990 sp | | spa d | ||
| 020 | _a8437609208 | ||
| 040 |
_aCO-ViMGA _bspa _cCO-ViMGA |
||
| 041 | 1 | _heng | |
| 082 | 0 | 4 |
_a813 _bF15d |
| 100 | 1 |
_aFaulkner, William _d1897-1962 _94264 |
|
| 240 | 1 | 0 |
_aGo down, Moses _lEspañol |
| 245 | 1 | 0 |
_aDesciende, Moises _h[Texto impreso] _cWilliam Faulkner ; edicion de Javier Coy ; traduccion de Mara̕ Coy |
| 260 | 0 |
_aMadrid _bCatedra _cD.L. 1990 |
|
| 300 |
_a390 p. : _c18 cm. |
||
| 490 | _aLetras universales | ||
| 650 | 1 | 4 |
_aNovela estadounidense _92233 |
| 700 | 1 |
_aCoy, Javier _94265 |
|
| 700 | 1 |
_aCoy, Maria _94266 |
|
| 942 |
_2ddc _cBK |
||
| 999 |
_c35712 _d35712 |
||